Flag Patterns - Statistics

General Stats
  • This quiz has been taken 84 times
  • The average score is 4 of 12
Answer Stats
Picture Answer % Correct
{Nordic} cross
83%
Bordure
57%
Canton
38%
Chevron
26%
Saltire
26%
{Greek} cross
23%
Pale
21%
Fess
19%
Pall
19%
Quadrisection
15%
{Symmetric} cross
15%
Bend
13%
No matching quizzes found
Score Distribution
Percent of People with Each Score
Percentile by Number Answered
Your Score History
You have not taken this quiz